Trend in distribution channels of food products

Riadenie distribúcie. Dizajn distribučného kanála. Požiadavky na moderné riešenia distribúcie. Distribučné kanály potravín.

Salvato in:
Dettagli Bibliografici
Autore principale: Pružinský, Michal, 1952-
Natura: Capitolo di libro
Lingua:inglese
Soggetti:
Tags: Aggiungi Tag
Nessun Tag, puoi essere il primo ad aggiungerne!!

MARC

LEADER 00000naa$a2200000$$$4500
001 0223890
005 20240502073651.0
041 0 |a eng 
044 |a SK 
245 1 0 |a Trend in distribution channels of food products  |c Michal Pružinský 
520 |a Riadenie distribúcie. Dizajn distribučného kanála. Požiadavky na moderné riešenia distribúcie. Distribučné kanály potravín. 
610 2 0 |a trh potravinový 
610 2 0 |a kanály distribučné 
610 2 0 |a výrobcovia 
610 2 0 |a obchod elektronický 
610 2 0 |a zákazníci 
100 1 |a Pružinský, Michal, 1952-